000 00392nam a2200145Ia 4500
008 230312s9999||||xx |||||||||||||| ||und||
020 _a978-1906417161
082 _a747
_bWIL-V
100 _aWilson;Judith
245 0 _aVintage home:Clever Finds Treasures For today's Chic Living
260 _bJacqui Small
_aChina
_c2008
300 _a143
650 _aArchitecture
_vInterior
942 _cBK
999 _c14403
_d14403